000
00299nam a22001337a 4500
008
210224b ||||| |||| 00| 0 eng d
020
_a
9781259253492
041
_a
eng
080
_a
591
100
_a
7
101
_a
ZOO
245
_a
Integrated Principles of Zoology
_c
Keen,L.S
942
_2
udc
_c
BK
999
_c
55172
_d
55172